Chính sách quản lý xuất nhập khẩu hàng hóa thời kỳ 2001 - 2005

Zapisane w:
Opis bibliograficzny
1. autor: Lê, Huy Khôi
Format: Książka
Język:Undetermined
Wydane: Hà Nội Thống kê 2002
Hasła przedmiotowe:
Etykiety: Dodaj etykietę
Nie ma etykietki, Dołącz pierwszą etykiete!
Thư viện lưu trữ: Trung tâm Học liệu Trường Đại học Cần Thơ
LEADER 00596nam a2200193Ia 4500
001 CTU_61566
008 210402s9999 xx 000 0 und d
020 |c 38000 
082 |a 354.74 
082 |b Kh452 
100 |a Lê, Huy Khôi 
245 0 |a Chính sách quản lý xuất nhập khẩu hàng hóa thời kỳ 2001 - 2005 
245 0 |c Lê Huy Khôi 
260 |a Hà Nội 
260 |b Thống kê 
260 |c 2002 
650 |a Foreign trade regulation,Public administration 
904 |i Minh,Hải 
980 |a Trung tâm Học liệu Trường Đại học Cần Thơ